New methods for determinig requirements for truck climing lanes (Record no. 543360)

000 -LEADER
fixed length control field 00517nam a22001457a 4500
082 ## - DEWEY DECIMAL CLASSIFICATION NUMBER
Classification number 388.324
Author Mark NEW
-- D
100 ## - MAIN ENTRY--PERSONAL NAME
Personal name U.S. Department of transportation
9 (RLIN) 19987
245 ## - TITLE STATEMENT
Title New methods for determinig requirements for truck climing lanes
Statement of responsibility, etc. U.S. Department of transportation
260 ## - PUBLICATION, DISTRIBUTION, ETC.
Place of publication, distribution, etc. Virginia
Name of publisher, distributor, etc. U.S. Department of transportation
Date of publication, distribution, etc. 1989
300 ## - PHYSICAL DESCRIPTION
Extent v, 32p, :
Other physical details ill,:
526 ## - STUDY PROGRAM INFORMATION NOTE
Program name 0
Interest level 0
Reading level 0
Title point value 388_324000000000000_NEW
650 ## - SUBJECT ADDED ENTRY--TOPICAL TERM
Topical term or geographic name entry element NUST
9 (RLIN) 6342
700 ## - ADDED ENTRY--PERSONAL NAME
Personal name U.S. Department of transportation
9 (RLIN) 19987
942 ## - ADDED ENTRY ELEMENTS (KOHA)
Source of classification or shelving scheme
Koha item type Book
Holdings
Withdrawn status Lost status Source of classification or shelving scheme Damaged status Not for loan Permanent Location Current Location Date acquired Total Checkouts Full call number Barcode Date last seen Price effective from Koha item type
          Military College of Engineering (MCE) Military College of Engineering (MCE) 03/21/2014   388.324 NEW MCE-42606 03/21/2014 03/21/2014 Book
© 2023 Central Library, National University of Sciences and Technology. All Rights Reserved.